Individuálna účtovná závierka podnikateľov účtujúcich v sústave podvojného účtovníctva

Prehľad opatrení MF SR upravujúcich účtovnú závierku.

Salvato in:
Dettagli Bibliografici
Autore principale: Užík, Ján, 1969-
Altri autori: Krišková, Petra, 1981-
Natura: Capitolo di libro
Lingua:slovacco
Soggetti:
Tags: Aggiungi Tag
Nessun Tag, puoi essere il primo ad aggiungerne!!

MARC

LEADER 00000naa a2200000 4500
001 0200986
005 20240502073409.2
041 0 |a slo 
044 |a SK 
245 1 0 |a Individuálna účtovná závierka podnikateľov účtujúcich v sústave podvojného účtovníctva  |c Ján Užík, Petra Krišková 
520 |a Prehľad opatrení MF SR upravujúcich účtovnú závierku. 
610 2 0 |a úpravy právne 
610 2 0 |a podnikatelia 
610 2 0 |a závierka účtovná 
610 2 0 |a účtovníctvo podvojné 
100 1 |a Užík, Ján, 1969- 
700 1 |a Krišková, Petra, 1981-